000 01656cam a2200505 a 4500
001 23001
003 SK-KTurca
005 20260513140520.0
008 240226s2002 xo ob gren 001 0 slo
015 _aSNBA2003/11-04071
020 _a8006011508
035 _aSNK000403707
035 _aurn:nbn:sk:snk-amyh23
035 _aurn:nbn:sk:snk-am00cljp
035 _a5E8E906C-7455-4B5C-95C4-380D32419136
040 _aSNK
_bslo
_cSNK
_eAACR2
041 0 _aslo
044 _axo
_cSK
072 7 _a94(100)
080 _a94(100)(031)
_22. slo
080 _a94(100)
_21981
080 _a(031)
_21981
110 0 _aLarousse
_4aut
240 1 4 _aLes grandes événements de l'histoire du monde
_lSlovensky
245 1 0 _aDejiny sveta
_cLarousse ; editori Jacques Marseille, Nadeije Laneyrie-Dagenová ; [z francúzskeho originálu preložili Zuzana Pazderová ... [et al.]
250 _a2. vyd.
260 _aBratislava
_bMladé letá
_cc2002
300 _a319 s.
_bfareb. fotogr., mp.
_c30 cm
490 1 _aZ pamäti ľudstva
504 _aReg.
650 0 7 _asvetové dejiny
_xencyklopédie
_2SNK
650 0 7 _aencyklopédie
_xdejiny sveta
_2SNK
650 0 7 _asvetové dejiny
_2SNK
655 7 _aencyklopédie
_2SNK
700 1 _aMarseille, Jacques
_4edt
700 1 _aLaneyrie-Dagen, Nadeije
_4edt
700 1 _aPazderová, Zuzana
_4trl
700 1 _aAnettová, Alena,
_d1957-
_4trl
700 1 _aBorovská, Zuzana,
_d1954-
_4trl
700 1 _aFerenčuhová, Bohumila,
_d1947-
_4trl
700 1 _aPetruf, Pavol,
_d1946-
_4trl
830 0 _aZ pamäti ľudstva
942 _2ddc
_cOLDO
_n0
999 _c23001
_d23001